Online katalóg knižníc regiónu Turca

Matky (Record no. 21494)

MARC details
000 -LEADER
fixed length control field 01495cam a2200433 4500
001 - CONTROL NUMBER
control field 21494
003 - CONTROL NUMBER IDENTIFIER
control field VRT
005 - DATE AND TIME OF LATEST TRANSACTION
control field 20260302143745.0
008 - FIXED-LENGTH DATA ELEMENTS--GENERAL INFORMATION
fixed length control field 210209s2020 xo gr 000 f slo
015 ## - NATIONAL BIBLIOGRAPHY NUMBER
National bibliography number SNBA2020/10
020 ## - INTERNATIONAL STANDARD BOOK NUMBER
International Standard Book Number 9788056904015
Qualifying information (viazané)
035 ## - SYSTEM CONTROL NUMBER
System control number urn:nbn:sk:snk-am00eee8
035 ## - SYSTEM CONTROL NUMBER
System control number urn:nbn:sk:snk-am3ihny
035 ## - SYSTEM CONTROL NUMBER
System control number B89CB377-2B13-45DD-A191-242B704B330C
039 #9 - LEVEL OF BIBLIOGRAPHIC CONTROL AND CODING DETAIL [OBSOLETE]
Level of rules in bibliographic description 202310241422
Level of effort used to assign nonsubject heading access points AUTHORITY
Level of effort used to assign subject headings 202207130749
Level of effort used to assign classification msvkbb04
Level of effort used to assign subject headings 202102090841
Level of effort used to assign classification VLOAD
Level of effort used to assign subject headings 202102081107
Level of effort used to assign classification VLOAD
040 ## - CATALOGING SOURCE
Original cataloging agency PPPK
Language of cataloging slo
Transcribing agency PPPK
Modifying agency SNK
Description conventions rda
041 0# - LANGUAGE CODE
Language code of text/sound track or separate title slo
044 ## - COUNTRY OF PUBLISHING/PRODUCING ENTITY CODE
MARC country code xo
ISO country code SK
072 #7 - SUBJECT CATEGORY CODE
Subject category code 821.162.4-3
Subject category code subdivision Slovenská próza
Source konspekt
080 ## - UNIVERSAL DECIMAL CLASSIFICATION NUMBER
Universal Decimal Classification number 821.162.4-31
Edition identifier 2011
100 1# - MAIN ENTRY--PERSONAL NAME
Personal name Havranová, Ivana,
Dates associated with a name 1952-
Relationship aut
245 10 - TITLE STATEMENT
Title Matky
Statement of responsibility, etc. Ivana Havranová
250 ## - EDITION STATEMENT
Edition statement Prvé vydanie
264 #1 - PRODUCTION, PUBLICATION, DISTRIBUTION, MANUFACTURE, AND COPYRIGHT NOTICE
Place of production, publication, distribution, manufacture Bratislava
Name of producer, publisher, distributor, manufacturer Marenčin PT
Date of production, publication, distribution, manufacture, or copyright notice 2020
300 ## - PHYSICAL DESCRIPTION
Extent 158 strán
Dimensions 21 cm
336 ## - CONTENT TYPE
Content type term text
Content type code txt
Source rdacontent
337 ## - MEDIA TYPE
Media type term bez média
Media type code n
Source rdamedia
338 ## - CARRIER TYPE
Carrier type term zväzok
Carrier type code nc
Source rdacarrier
655 #7 - INDEX TERM--GENRE/FORM
Genre/form data or focus term Slovak fiction
Source of term SNKPHeng
655 #7 - INDEX TERM--GENRE/FORM
Genre/form data or focus term slovenské romány
Source of term SNKPH
910 ## - USER-OPTION DATA (OCLC)
User-option data snk
942 ## - ADDED ENTRY ELEMENTS (KOHA)
Source of classification or shelving scheme Dewey Decimal Classification
Koha item type Krásna literatúra pre dospelých
Suppress in OPAC No
949 ## - LOCAL PROCESSING INFORMATION (OCLC)
6 2889374238
a savukM 122721
b savuk2021/2352
949 ## - LOCAL PROCESSING INFORMATION (OCLC)
6 270001000650899
a svkbbA 164741
b svkbbm 800635
949 ## - LOCAL PROCESSING INFORMATION (OCLC)
6 273K0676796
a svkpoA 251616
b svkpo666764
949 ## - LOCAL PROCESSING INFORMATION (OCLC)
6 17A1444883
a snkSC 190544
b snk2020/18575
o 1587/2020
s 6100:20201022
949 ## - LOCAL PROCESSING INFORMATION (OCLC)
6 17A1444884
a snkSC 190544 D1
b snk2020/18576
o 1587/2020
Holdings
Stav vyradenia Strata Poškodenie Spôsob nadobudnutia Domovská knižnica Aktuálna knižnica Dátum nadobudnutia Total checkouts Čiarový kód exemplára Date last seen Typ exemplára
      Dar Obecná knižnica Turčianska Štiavnička Obecná knižnica Turčianska Štiavnička 02.03.2026   4738000206 02.03.2026 Krásna literatúra pre dospelých
Projekt je podporený Slovenskou asociáciou knižníc
Prevádzkuje Turčianska knižnica Martin 2026